Problems shakespeare: A study of Julious ceaser meaure and measure Antony and cleapatra / (Record no. 11890)
[ view plain ]
| 000 -LEADER | |
|---|---|
| fixed length control field | 00431cam a2200145ua 4500 |
| 041 ## - LANGUAGE CODE | |
| Language code of text/sound track or separate title | eng |
| 082 ## - DEWEY DECIMAL CLASSIFICATION NUMBER | |
| Classification number | 828.09 |
| Item number | SCH/PR |
| 100 ## - MAIN ENTRY--AUTHOR NAME | |
| Personal name | Schanzer, Ernest . |
| 245 ## - TITLE STATEMENT | |
| Title | Problems shakespeare: A study of Julious ceaser meaure and measure Antony and cleapatra / |
| 260 ## - PUBLICATION, DISTRIBUTION, ETC. (IMPRINT) | |
| Place of publication | : |
| Name of publisher | Routledge Kegampaul , |
| Year of publication | 1963. |
| 300 ## - PHYSICAL DESCRIPTION | |
| Number of Pages | 196 ; |
| Accompanying material | `. |
| 942 ## - ADDED ENTRY ELEMENTS (KOHA) | |
| Koha item type | Books |
| Withdrawn status | Lost status | Damaged status | Home library | Current library | Date acquired | Cost, normal purchase price | Full call number | Accession Number | Koha item type | Public note |
|---|---|---|---|---|---|---|---|---|---|---|
| Withdrawn | KAUAET | Malayalam University | 07/04/2012 | 25.00 | 828.09 | 6803 | Books | Transferred to Malayalam University |
